000 01085cam a2200313 a 4500
999 _c331240
_d331240
001 12250255
003 NUST
005 20170922122427.0
008 000202s2000 pk a 000 0 eng
010 _a 00281741
020 _a9693510755
025 _aP-E-00281741; 07; 12
035 _a(DLC) 00281741
040 _aDLC
_cDLC
_dDLC
042 _alcode
043 _aa-pk--
050 0 0 _aDS392.M33
_bN34 2000
082 _a915.491
_bNAD
100 1 _aNadiem, Ihsan H.
_93762
245 1 0 _aMakli :
_bthe necropolis at Thatta /
_cIhsan H. Nadiem.
260 _aLahore :
_bSang-e-Meel Publications,
_c2000.
300 _a128 p. :
_bill. (some col.) ;
_c25 cm.
504 _aIncludes bibliographical references (p. 127-128).
650 0 _aTombs
_zPakistan
_zMakli Hills Site.
_94844
650 0 _aIslamic architecture
_zPakistan
_zMakli Hills Site.
_94845
651 0 _aMakli Hills Site (Pakistan)
_94846
906 _a7
_bcbc
_corigode
_d3
_encip
_f20
_gy-gencatlg
942 _2ddc
_cBK